000 00600nam a2200241Ia 4500
003 OSt
005 20221005130821.0
006 a|||||r|||| 00| 0
007 ta
008 221004b |||||||| |||| 00| 0 tam d
024 _a47575
037 _cTextual
040 _aCRL
_cCRL
_btam
041 _2tam
_atam
082 _aO31,1wA, H7
100 _aPillai Appadorai Au.
_9628513
245 0 _aSangahalapulavar
260 _c1947
300 _a95p.
_ccm.
650 _aTAMIL LITERATURE
942 _hO31,1wA, H7
_cTEXL
_2cc
999 _c1058506
_d1058506